Explaining institutional change in Europe /

"The book discusses various theories accounting for long-term institutional change and explores them on the basis of five important institutional rules in the European Union. It proposes typical sequences of long-term institutional change and their theorization which hold for other contexts as...

Full description

Saved in:
Bibliographic Details
Main Author: Windhoff-Héritier, Adrienne, 1944-
Format: Book
Language:English
Published: Oxford ; New York : Oxford University Press, 2007.
Subjects:
Tags: Add Tag
No Tags, Be the first to tag this record!
LEADER 01631cam a2200313 a 4500
001 010248564-X
005 20070315152424.0
008 061004s2007 enk b 001 0 eng
015 |a GBA687555  |2 bnb 
016 7 |a 013578024  |2 Uk 
020 |a 0199298122 (hbk.) 
020 |a 9780199298129 (hbk.) 
035 0 |a ocm73954041 
040 |a UKM  |c UKM  |d BAKER  |d BWKUK  |d YDXCP 
043 |a e------ 
050 4 |a HN373.5  |b .W56 2007 
082 0 4 |a 303.484094  |2 22 
100 1 |a Windhoff-Héritier, Adrienne,  |d 1944- 
245 1 0 |a Explaining institutional change in Europe /  |c Adrienne Héritier. 
260 |a Oxford ;  |a New York :  |b Oxford University Press,  |c 2007. 
300 |a viii, 271 p. ;  |c 24 cm. 
504 |a Includes bibliographical references (p. [247]-263) and index. 
505 0 0 |g 1.  |t Introduction --  |g 2.  |t Plan of the book --  |g 3.  |t Theories of institutional change --  |g 4.  |t Empirical cases --  |g 5.  |t Conclusion : explaining institutional change in Europe ... and beyond. 
520 1 |a "The book discusses various theories accounting for long-term institutional change and explores them on the basis of five important institutional rules in the European Union. It proposes typical sequences of long-term institutional change and their theorization which hold for other contexts as well, if the number of actors and their goals are clearly defined, and interaction takes place under the 'shadow of the future'."--BOOK JACKET. 
650 0 |a Social institutions  |z European Union countries. 
650 0 |a Social change  |z European Union countries. 
650 0 |a Decision making  |z European Union countries. 
988 |a 20070303 
906 |0 OCLC